Principles of economics (Record no. 152902)
[ view plain ]
| 000 -LEADER | |
|---|---|
| fixed length control field | 00554nam a2200229Ia 4500 |
| 003 - CONTROL NUMBER IDENTIFIER | |
| control field | OSt |
| 005 - DATE AND TIME OF LATEST TRANSACTION | |
| control field | 20250717164503.0 |
| 008 - FIXED-LENGTH DATA ELEMENTS--GENERAL INFORMATION | |
| fixed length control field | 210210b2013 xxu||||| |||| 00| 0 eng d |
| 040 ## - CATALOGING SOURCE | |
| Transcribing agency | AL |
| 041 ## - LANGUAGE CODE | |
| Language code of text/sound track or separate title | eng |
| 082 ## - DEWEY DECIMAL CLASSIFICATION NUMBER | |
| Classification number | 330 SHIP |
| 100 ## - MAIN ENTRY--PERSONAL NAME | |
| Personal name | B Prabhakara Shishila |
| 9 (RLIN) | 219288 |
| 245 ## - TITLE STATEMENT | |
| Title | Principles of economics |
| 260 ## - PUBLICATION, DISTRIBUTION, ETC. | |
| Place of publication, distribution, etc. | Mangalore |
| Name of publisher, distributor, etc. | United Publishers |
| Date of publication, distribution, etc. | 2013 |
| 300 ## - PHYSICAL DESCRIPTION | |
| Extent | 216p |
| 650 ## - SUBJECT ADDED ENTRY--TOPICAL TERM | |
| Topical term or geographic name entry element | Principles |
| 9 (RLIN) | 219289 |
| 650 ## - SUBJECT ADDED ENTRY--TOPICAL TERM | |
| Topical term or geographic name entry element | of |
| 9 (RLIN) | 219290 |
| 650 ## - SUBJECT ADDED ENTRY--TOPICAL TERM | |
| Topical term or geographic name entry element | economics |
| 9 (RLIN) | 219291 |
| 690 ## - LOCAL SUBJECT ADDED ENTRY--TOPICAL TERM (OCLC, RLIN) | |
| Topical term or geographic name as entry element | Economics |
| 9 (RLIN) | 219292 |
| 906 ## - LOCAL DATA ELEMENT F, LDF (RLIN) | |
| a | 068766 |
| 942 ## - ADDED ENTRY ELEMENTS (KOHA) | |
| Source of classification or shelving scheme | Dewey Decimal Classification |
| Koha item type | Book |
| Withdrawn status | Lost status | Source of classification or shelving scheme | Damaged status | Not for loan | Collection code | Home library | Current library | Shelving location | Date acquired | Source of acquisition | Cost, normal purchase price | Total Checkouts | Full call number | Barcode | Date last seen | Date last checked out | Price effective from | Koha item type | Total Renewals |
|---|---|---|---|---|---|---|---|---|---|---|---|---|---|---|---|---|---|---|---|
| Dewey Decimal Classification | Reference Book | St Aloysius Library | St Aloysius Library | 02/17/2021 | Biblios Book Point, Surathkal-575014 | 400.00 | 1 | 330 SHIP | 068770 | 12/03/2021 | 11/25/2021 | 02/17/2021 | Reference | ||||||
| St Aloysius Library | St Aloysius Library | 02/17/2021 | Biblios Book Point, Surathkal-575014 | 400.00 | 3 | 330 SHIP | 068769 | 01/02/2024 | 11/04/2023 | 02/17/2021 | Book | 2 | |||||||
| St Aloysius Library | St Aloysius Library | 02/17/2021 | Biblios Book Point, Surathkal-575014 | 400.00 | 4 | 330 SHIP | 068768 | 07/17/2023 | 05/27/2023 | 02/17/2021 | Book | ||||||||
| St Aloysius Library | St Aloysius Library | 02/17/2021 | Biblios Book Point, Surathkal-575014 | 400.00 | 3 | 330 SHIP | 068767 | 09/04/2023 | 08/25/2023 | 02/17/2021 | Book | ||||||||
| St Aloysius Library | St Aloysius Library | 02/17/2021 | Biblios Book Point, Surathkal-575014 | 400.00 | 3 | 330 SHIP | 068766 | 06/03/2023 | 05/03/2023 | 02/17/2021 | Book |